000 00303nam a2200133 i 4500
001 bg
245 0 _aSelsko chozjajstvennaja enciklopedija.
_nT.3.
250 _aWyd.3 przerob.
260 _aMoskva,
_c1951.
040 _cBPK
041 _apol
942 _cKS
008 s pl f |000 0 pol
999 _c7915
_d7915
856 _uhttp://koha.tu.koszalin.pl/cgi-bin/koha/opac-detail.pl?biblionumber=7915
_yKatalog online BPK